Ideario de Joaquín V. González /
Guardado en:
| Autor Principal: | |
|---|---|
| Otros Autores: | |
| Formato: | Libro |
| Idioma: | Spanish |
| Publicado: |
Córdoba :
Eudelar,
2003.
|
| Series: | Colección Obras completas de Joaquín V. González (Eudelar)
|
| Materias: | |
| Etiquetas: |
Agregar Etiqueta
Sin Etiquetas, Sea el primero en etiquetar este registro!
|
| LEADER | 00761nam a22002055a 4500 | ||
|---|---|---|---|
| 001 | EUN.eunm000017 | ||
| 005 | 20190828102026.0 | ||
| 008 | 031210s2003####ag############000#0#spa#d | ||
| 020 | |a 9879892828 | ||
| 082 | 0 | 4 | |a A868.4 |2 15 |
| 100 | 1 | |a González, Joaquín Víctor, |d 1863-1923. | |
| 245 | 1 | 0 | |a Ideario de Joaquín V. González / |c compilado y ordenado por Celso Tíndaro. |
| 260 | |a Córdoba : |b Eudelar, |c 2003. | ||
| 300 | |a 314 p. ; |c 22 cm. | ||
| 490 | 0 | |a Colección Obras completas de Joaquín V. González | |
| 650 | 7 | |a Literatura. |2 unbist | |
| 650 | 7 | |a Argentina. |2 unbist | |
| 700 | 1 | |a Tíndaro, Celso, |d 1894-1947. |4 com | |
| 830 | 0 | |a Colección Obras completas de Joaquín V. González (Eudelar) | |
| 859 | |a AR-BaUNS |b BIB. CENTRAL - Sector A |h A868.4 |i G589-2 |p 114138/003 | ||
